European Big Five: 500+ matches (2000-) - Statistics

General Stats
  • This quiz has been taken 18 times
  • The average score is 22 of 42
Answer Stats
Ranking Player Positions Nationality Matches Goals (assists) Periods Clubs % Correct
5 Cristiano Ronaldo MF, FW 626 495 (135) 2003-2023
100%
10 Lionel Messi MF, FW 577 496 (221) 2004-2023
100%
8 Sergio Ramos DF 581 81 (26) 2003-2024
94%
27 Luka Modrić MF 521 43 (78) 2008-2025
88%
15 Karim Benzema FW 551 281 (119) 2004-2023
81%
26 Manuel Neuer GK 523 0 (0) 2006-2025
81%
38 Thomas Müller MF, FW 503 150 (174) 2008-2025
81%
42 Cesc Fàbregas MF, FW 500 81 (150) 2004-2022
75%
35 David de Gea GK 506 0 (1) 2009-2022, 2024-2025
75%
20 David Silva MF, FW 536 91 (131) 2005-2023
75%
37 Fernando Torres FW 503 189 (55) 2002-2018
75%
19 Gianluigi Buffon GK 540 0 (0) 2000-2005, 2007-2021
75%
9 Hugo Lloris GK 579 0 (0) 2005-2023
75%
4 James Milner DF, MF 638 55 (89) 2002-2025
75%
3 Jesús Navas DF, FW 640 30 (105) 2003-2025
75%
2 Pepe Reina GK 665 0 (5) 2000-2025
75%
30 Petr Čech GK 512 0 (2) 2002-2019
69%
23 Antoine Griezmann MF, FW 530 198 (84) 2010-2025
63%
21 Ivan Rakitić MF 535 73 (85) 2007-2024
63%
12 Samir Handanović GK 566 0 (0) 2004-2005, 2007-2023
63%
18 Dimitri Payet MF, FW 540 114 (133) 2005-2023
56%
40 Dani Alves DF, MF 502 30 (113) 2002-2018, 2021-2022
50%
33 Edin Džeko FW 509 223 (71) 2007-2023
50%
1 Joaquín MF, FW 672 81 (101) 2001-2023
50%
24 Ashley Young DF, FW 529 55 (82) 2006-2025
44%
14 Fabio Quagliarella FW 555 182 (49) 2001-2002, 2005-2023
44%
7 Gareth Barry MF 589 50 (61) 2000-2018
44%
13 Steve Mandanda GK 564 0 (1) 2007-2025
44%
22 César Azpilicueta DF, MF 534 12 (40) 2006-2025
38%
25 Daniel Parejo MF 526 77 (79) 2008-2025
38%
17 Kévin Gameiro FW 542 175 (44) 2005-2006, 2007-2024
38%
16 Moussa Sissoko MF, FW 543 38 (35) 2007-2024
38%
11 Raúl Albiol DF 574 14 (9) 2004-2025
38%
36 Jaroslav Plašil MF 504 29 (50) 2001-2019
19%
6 Raúl García MF, FW 609 111 (48) 2004-2024
19%
32 Andrea Consigli GK 510 0 (0) 2008-2009, 2011-2024
13%
39 Antonio Candreva DF, MF, FW 502 85 (86) 2007-2008, 2009-2024
13%
28 Florent Balmont MF 512 13 (39) 2002-2020
13%
29 Jimmy Briand MF, FW 512 105 (67) 2002-2022
13%
34 Sylvain Armand DF 507 19 (14) 2000-2017
13%
31 Vitorino Hilton DF 512 20 (11) 2003-2021
13%
41 Emiliano Moretti DF 501 11 (9) 2000-2019
6%
No matching quizzes found
Score Distribution
Percent of People with Each Score
Percentile by Number Answered
Your Score History
You have not taken this quiz